Statistiques concernant Petit bac Harry Potter - N

Cliquez ici pour prendre le quiz!

Statistiques générales

  • Ce quiz a été pris 380 fois
  • Le résultat moyen est 4 sur 9

Statistiques - réponses

ThèmeMot% Correct
MonnaieNoise
72%
PersonnageNagini / Nick-Quasi-Sans-Tête / Norbert (le dragon) / Theodore Nott / Nagnok
68%
CréatureNiffleur / Norvégien à Crête / Nargole / Noueux / Nundu / Noir des Hébrides / Nain / Nymphe
66%
MarqueNimbus
63%
SortilègeNox
55%
FriandiseNougat Neansang
14%
LieuNurmengard
14%
Potion / Ingrédient de potionsNapel / Nettoie-Tout magique de la Mère Grattesec
11%
ObjetNécessaire à balai
3%

Distribution des résultats

Percentile par nombre de réponses

% des personnes avec chaque résultat

Votre développement - résultats

Vous n’avez pas pris ce quiz